1765 1046 1083 1362 1464 1325 1278 1388 1718 1571 1135 1827 1754 1198 1809 1604 1036 1417 1359 1370 1685 1450 1873 1765 1507 1836 1026 1058 1763 1728 1049 1144 1982 1205 1340 1164 1271 1988 1453 1733 1088 1601 1230 1896 1917 1563 1955 1052 1269 1277 1833 1634 1056 1246 1375 1470 1547 1579 1731 1770 1097 1613 1040 1990 1923 1919 1709 1859 1175 1275 1085 1013 1816 1410 1066 1193 1513 1216 1472 1864 1473 1150 1335 1947 1114 1059 1968 1832 1665 1329 1422 1896 1328 1488 1317 1194 1133 1972 1354 BCNSPRNW ULIB Ver.6.0+V

เปลี่ยนเป็นภาษาไทย

Change to English
 แสดงรายละเอียดบรรณานุกรม
  กลับหน้าหลัก

Brief Record : Get Marc (ISO 2709) : E-mail record : QR code < ปิดหน้าต่าง
LEADER : 00000nam 2200000uu 4500
001    13399122049
003     ULIB
008    121221s2546||||th 000 0 tha d
020    ^a974958080X
060 04 ^aWJ368^bว145ร 2546
245 00 ^aโรคระบบทางเดินปัสสาวะสตรี =^bFemale urology /^cบรรณาธิการ,วชิร คชการ
246 31 ^aFemale urology
260    ^aกรุงเทพฯ :^bภาควิชาศัลยศาสตร์คณะแพทยศาสตร์โรงพยาบาลรามาธิบดี มหาวิทยาลัยมหิดล,^c2546
300    ^aviii, 220 หน้า :^bภาพประกอบ ;^c28 ซม.
504    ^aบรรณานุกรม
650  2 ^aUrology
650  2 ^aUrogenital System^xsurgery
650  7 ^aทางเดินปัสสาวะและอวัยวะสืบพันธุ์, ระบบ^xศัลยกรรม
650  7 ^aทางเดินปัสสาวะ, โรค
700 0  ^aวชิร คชการ,^eบรรณาธิการ
710 2  ^aมหาวิทยาลัยมหิดล. ^bคณะแพทยศาสตร์โรงพยาบาลรามาธิบดี.^bภาควิชาศัลยศาสตร์
945    ^p300^l0^i12976
995    ^aทศพร
999    ^aทศพร เกษรทอง
รายการนี้ยังไม่มีแท็ก
คุณยังไม่ได้ล็อกอิน คุณสามารถมีกิจกรรมร่วมกับเว็บไซต์ได้ แต่ต้องล็อกอินก่อน ::
  ล็อกอิน

รายการสื่อสารสนเทศ

ลำดับที่ ประเภท เลขเรียก/บาร์โค้ด สถานที่ สถานะ
1. วิทยาศาสตร์การแพทย์ และสุขภาพ
วิทยาศาสตร์การแพทย์ และสุขภาพ
WJ368 ว145ร 2546 ฉ.1 
  Barcode: 12976
ห้องสมุดวิทยาเขตสวรรค์ประชารักษ์
►หนังสือทั่วไป
บนชั้น

รายการใกล้เคียง
    หัวเรื่อง [Urology]
    หัวเรื่อง [ทางเดินปัสสาวะ, โรค]

BibComment


ยังไม่เคยถูกคอมเมนท์

คอมเมนท์ทรัพยากรรายการนี้
  คอมเมนท์: โรคระบบทางเดินปั..


 Copyright 2026. Bcnsprnw @Library